[Event "CAN-ch w"]
[Site "Kingston CAN"]
[Date "2022.04.14"]
[Round "3.24"]
[White "Cao, Elaine"]
[Black "Wang, Rachel"]
[Result "0-1"]
[WhiteElo "1010"]
[BlackElo "1561"]
[PlyCount "166"]
[EventDate "2022.04.13"]
[EventType "swiss"]
[EventRounds "9"]
[EventCountry "CAN"]

1. e4 c5 2. Nf3 Nc6 3. Nc3 Nf6 4. Bc4 e6 5. d3 d5 6. exd5 exd5 7. Bb5 Be7 8.
O-O O-O 9. h3 h6 10. Bf4 Nh5 11. Bh2 Bd6 12. Ne5 Bxe5 13. Bxe5 Qg5 14. f4 Qg6
15. Nxd5 Bxh3 16. Qf3 Bg4 17. Bxc6 Kh8 18. Ne7 Qe6 19. Qd5 bxc6 20. Qxc5 Rfe8
21. Rae1 Qd7 22. Qxc6 Qxc6 23. Nxc6 Ng3 24. Rf2 f6 25. Bc3 Ne2+ 26. Kh2 Re6 27.
Nb4 a5 28. Nd5 Ra7 29. f5 Nxc3 30. fxe6 Nxd5 31. c4 Ne7 32. d4 Nc6 33. d5 Ne5
34. d6 Bxe6 35. Rf4 Kg8 36. Rd4 Kf7 37. b3 Nd7 38. a3 Rb7 39. Rb1 Ne5 40. c5
Nc6 41. d7 Bxd7 42. Rd6 Ne5 43. b4 Ke7 44. Ra6 axb4 45. axb4 Bf5 46. Rb3 Be6
47. Rb2 Nd3 48. Re2 Ne5 49. Re4 Bc4 50. Ra4 Bb5 51. Ra1 Bc6 52. Rd4 Ke6 53. Re1
Kf5 54. Kg3 Rd7 55. Rxd7 Bxd7 56. Rd1 Bb5 57. Rd6 Nc6 58. Rd7 g5 59. Rb7 Nd4
60. Kf2 Bc6 61. Rh7 Kg6 62. Rc7 h5 63. Rxc6 Nxc6 64. b5 Na7 65. b6 Nc6 66. Ke3
h4 67. Ke4 g4 68. Kd5 Nb8 69. c6 Nxc6 70. Kxc6 h3 71. b7 hxg2 72. b8=Q g1=Q 73.
Qg8+ Kf5 74. Qd5+ Kf4 75. Qd6+ Kg5 76. Qd2+ Kh5 77. Qd5+ Kh4 78. Qf5 Qc1+ 79.
Kd6 Qa3+ 80. Ke6 Qa6+ 81. Kf7 Qc4+ 82. Kg6 Qg8+ 83. Kh6 Qg5+ 0-1

[Event "CAN-ch w"]
[Site "Kingston CAN"]
[Date "2022.04.14"]
[Round "3.25"]
[White "D'Souza, Carina"]
[Black "Gao, Lucy"]
[Result "1/2-1/2"]
[WhiteElo "1466"]
[BlackElo "1585"]
[PlyCount "87"]
[EventDate "2022.04.13"]
[EventType "swiss"]
[EventRounds "9"]
[EventCountry "CAN"]

1. e4 c5 2. Nf3 Nc6 3. Bb5 g6 4. c3 Bg7 5. d4 cxd4 6. cxd4 Nf6 7. Nc3 d5 8. Ne5
Bd7 9. Nxd7 Qxd7 10. e5 Ng8 11. Be3 e6 12. Rc1 Nge7 13. O-O O-O 14. f4 a6 15.
Bxc6 Nxc6 16. Na4 Qe7 17. Nc5 Rac8 18. Qa4 f6 19. b4 Nd8 20. Rfe1 f5 21. Re2 h6
22. b5 axb5 23. Qxb5 g5 24. Rb2 Rf7 25. Rcb1 Rc7 26. g3 Kh7 27. Bd2 Nc6 28. Be3
Nd8 29. Kf2 gxf4 30. Bxf4 h5 31. h4 Bh6 32. Rh1 Nc6 33. Bxh6 Kxh6 34. Ke3 Nxe5
35. dxe5 Qxc5+ 36. Qxc5 Rxc5 37. Rhb1 Rcc7 38. Rb6 Rfe7 39. Rd6 Rc3+ 40. Kf4
Rc4+ 41. Kf3 Re4 42. Rdb6 Rxe5 43. Rxb7 Rxb7 44. Rxb7 1/2-1/2

[Event "CAN-ch w"]
[Site "Kingston CAN"]
[Date "2022.04.14"]
[Round "3.26"]
[White "Jiang, Hancy"]
[Black "Gavrileva, Anna"]
[Result "1-0"]
[WhiteElo "1030"]
[BlackElo "1020"]
[PlyCount "59"]
[EventDate "2022.04.13"]
[EventType "swiss"]
[EventRounds "9"]
[EventCountry "CAN"]

1. d4 d5 2. Bf4 c5 3. e3 Nf6 4. Nf3 Nc6 5. c3 Bf5 6. Nbd2 e6 7. Be2 Bd6 8. Bg3
O-O 9. O-O Bxg3 10. hxg3 a6 11. dxc5 Qe7 12. b4 e5 13. Qb3 Rfd8 14. Rfe1 Qc7
15. Qb2 b6 16. Nb3 Nd7 17. cxb6 Qxb6 18. Red1 Ne7 19. Qd2 Qd6 20. Rac1 f6 21.
c4 Nf8 22. cxd5 Nxd5 23. Nh4 Be6 24. e4 Qb6 25. exd5 Bxd5 26. Qe1 Ne6 27. Nf5
Kf8 28. Ne3 Bxb3 29. axb3 Nd4 30. Bc4 1-0

[Event "CAN-ch w"]
[Site "Kingston CAN"]
[Date "2022.04.15"]
[Round "4.21"]
[White "Demchenko, Svitlana"]
[Black "Ouellet, Maili-Jade"]
[Result "0-1"]
[WhiteElo "2079"]
[BlackElo "2179"]
[PlyCount "114"]
[EventDate "2022.04.13"]
[EventType "swiss"]
[EventRounds "9"]
[EventCountry "CAN"]

1. e4 c6 2. Nf3 d5 3. exd5 cxd5 4. Ne5 Nf6 5. d4 g6 6. Bd3 Bg7 7. c3 O-O 8. O-O
Nc6 9. f4 Bf5 10. Bxf5 gxf5 11. Nd2 e6 12. Rf3 Ne7 13. Rh3 Ng6 14. Nf1 Qc7 15.
Ng3 Rfe8 16. Be3 Rac8 17. Qe2 Nf8 18. Kh1 Re7 19. Rg1 Ne4 20. Nh5 f6 21. Nd3
Ng6 22. g4 Nd6 23. g5 fxg5 24. Rxg5 Ne4 25. Rg2 Qc4 26. a3 Rf8 27. Bf2 Rff7 28.
Qe1 Kf8 29. Bh4 Rc7 30. Ne5 Bxe5 31. fxe5 Ke8 32. Bf6 Kd7 33. Rf3 Kc6 34. h4 b6
35. Ng7 Nf8 36. h5 Kb7 37. Qh4 Qa4 38. Rf1 Qc6 39. h6 Ka6 40. Rf3 Qd7 41. Nh5
Qa4 42. Rf1 Qb5 43. Rfg1 Qd3 44. Nf4 Qf3 45. Kh2 Rc8 46. Bg7 Rc6 47. Rc2 Nd7
48. Nh5 f4 49. Qg4 Qd3 50. Qe2 Qxe2+ 51. Rxe2 Rf5 52. Nf6 Ndxf6 53. exf6 f3 54.
Rxe4 dxe4 55. f7 Rxf7 56. Kg3 e3 57. Be5 f2 0-1

[Event "CAN-ch w"]
[Site "Kingston CAN"]
[Date "2022.04.15"]
[Round "4.22"]
[White "Guo, Veronica (Yu Han)"]
[Black "Hua, Michelle"]
[Result "1-0"]
[WhiteElo "1444"]
[BlackElo "1665"]
[PlyCount "63"]
[EventDate "2022.04.13"]
[EventType "swiss"]
[EventRounds "9"]
[EventCountry "CAN"]

1. d4 d5 2. c4 e6 3. Nc3 Nf6 4. cxd5 exd5 5. Bg5 Nbd7 6. e3 Be7 7. Bd3 O-O 8.
Nf3 c6 9. O-O Ne4 10. Bxe7 Qxe7 11. Nd2 Nxd2 12. Qxd2 Nf6 13. f3 g6 14. Rae1
Nh5 15. g4 Ng7 16. Qg2 Qd6 17. f4 f6 18. Kh1 Bd7 19. f5 g5 20. Rf3 Be8 21. h4
h5 22. gxh5 Bxh5 23. Rg3 g4 24. Ne2 Kf7 25. Nf4 Rg8 26. Rg1 Rge8 27. Qf2 Re7
28. Nxh5 Nxh5 29. Rxg4 b5 30. Be2 Rae8 31. Qg2 Rxe3 32. Rg7+ 1-0

[Event "CAN-ch w"]
[Site "Kingston CAN"]
[Date "2022.04.15"]
[Round "4.23"]
[White "Botez, Alexandra"]
[Black "Wang, Rachel"]
[Result "1/2-1/2"]
[WhiteElo "2020"]
[BlackElo "1561"]
[PlyCount "112"]
[EventDate "2022.04.13"]
[EventType "swiss"]
[EventRounds "9"]
[EventCountry "CAN"]

1. d4 d5 2. Nf3 Nf6 3. c4 dxc4 4. e3 e6 5. Bxc4 c5 6. O-O Nc6 7. Nc3 cxd4 8.
exd4 Be7 9. h3 O-O 10. Bf4 Na5 11. Bd3 b6 12. a3 Bb7 13. b4 Rc8 14. Nb5 Nc6 15.
Rc1 Nd5 16. Bd2 a6 17. Nc3 Bf6 18. b5 Nxd4 19. Nxd4 Bxd4 20. bxa6 Ba8 21. Nb5
Rxc1 22. Bxc1 Bc5 23. Be4 Qd7 24. a4 Bc6 25. Qb3 Ra8 26. a7 Bxb5 27. axb5 Rxa7
28. Bb2 Ra5 29. Qg3 f5 30. Qb8+ Kf7 31. Bd3 Ne3 32. fxe3 Bxe3+ 33. Kh2 Qxd3 34.
Qc7+ Ke8 35. Rf3 f4 36. Qc8+ Qd8 37. Qxe6+ Qe7 38. Qg8+ Kd7 39. Qd5+ Ke8 40.
Qg8+ Qf8 41. Qxh7 Rxb5 42. Bxg7 Qf5 43. Qxf5 Rxf5 44. h4 Kf7 45. Bh6 Kg6 46.
Bg5 b5 47. Kh3 b4 48. Kg4 Rf7 49. g3 b3 50. h5+ Kh7 51. Rf1 b2 52. Rb1 Bd4 53.
Bxf4 Ra7 54. Bc1 bxc1=Q 55. Rxc1 Rg7+ 56. Kh4 Bf2 1/2-1/2

[Event "CAN-ch w"]
[Site "Kingston CAN"]
[Date "2022.04.15"]
[Round "4.24"]
[White "Baylon, Glenda"]
[Black "D'Souza, Carina"]
[Result "1-0"]
[WhiteElo "1858"]
[BlackElo "1466"]
[PlyCount "81"]
[EventDate "2022.04.13"]
[EventType "swiss"]
[EventRounds "9"]
[EventCountry "CAN"]

1. d4 d5 2. c4 e6 3. Nc3 c6 4. e3 Nf6 5. Bd3 Nbd7 6. Nf3 dxc4 7. Bxc4 b5 8. Bd3
a6 9. a4 Bb7 10. O-O b4 11. Ne4 c5 12. Nxf6+ Nxf6 13. Qe2 cxd4 14. Nxd4 Be7 15.
Rd1 Qa5 16. Nb3 Qg5 17. e4 Qh4 18. f3 a5 19. Bb5+ Kf8 20. Be3 g5 21. Nc5 Bc8
22. Rac1 g4 23. Bf2 Qg5 24. e5 Nd5 25. fxg4 Rb8 26. Ne4 Qg6 27. Nd6 Kg7 28. h4
Rd8 29. Bd3 Nf4 30. Qf3 Nxd3 31. Rxd3 Ba6 32. Rd2 Bxd6 33. h5 Qg5 34. Be3 Qe7
35. exd6 Qf6 36. h6+ Kg6 37. Qe4+ Qf5 38. gxf5+ exf5 39. Qh4 f6 40. g4 Rg8 41.
Qh5# 1-0

[Event "CAN-ch w"]
[Site "Kingston CAN"]
[Date "2022.04.15"]
[Round "4.25"]
[White "Gao, Lucy"]
[Black "Jiang, Hancy"]
[Result "0-1"]
[WhiteElo "1585"]
[BlackElo "1030"]
[PlyCount "100"]
[EventDate "2022.04.13"]
[EventType "swiss"]
[EventRounds "9"]
[EventCountry "CAN"]

1. e4 c6 2. d4 d5 3. exd5 cxd5 4. Nf3 Nf6 5. Bd3 Bg4 6. Bf4 Nc6 7. c3 e6 8.
Nbd2 Be7 9. h3 Bh5 10. O-O O-O 11. Re1 Re8 12. Qe2 a6 13. Qe3 Bg6 14. Bxg6 hxg6
15. Bg5 Nh5 16. Bxe7 Qxe7 17. Ne5 Nf6 18. Ndf3 Ne4 19. Nxc6 bxc6 20. Ne5 Qc7
21. Qf4 Rac8 22. f3 Nd6 23. a4 Nc4 24. b3 Nxe5 25. dxe5 Qb6+ 26. Qd4 c5 27. a5
cxd4 28. axb6 Rxc3 29. Rxa6 Rxb3 30. Rd1 Rb8 31. Rxd4 R3xb6 32. Ra7 R6b7 33.
Raa4 f6 34. f4 Kf7 35. Kh2 Rb3 36. Ra7+ R8b7 37. Rxb7+ Rxb7 38. Kg3 Rb3+ 39.
Kf2 Rc3 40. Ke2 g5 41. fxg5 fxe5 42. Rg4 g6 43. h4 Ke7 44. Kf2 e4 45. Rg3 Rc2+
46. Ke3 e5 47. Rg4 Ke6 48. Rg3 Kf5 49. Rf3+ exf3 50. g4+ Kxg4 0-1

[Event "CAN-ch w"]
[Site "Kingston CAN"]
[Date "2022.04.15"]
[Round "4.26"]
[White "Gavrileva, Anna"]
[Black "Cao, Elaine"]
[Result "1/2-1/2"]
[WhiteElo "1020"]
[BlackElo "1010"]
[PlyCount "71"]
[EventDate "2022.04.13"]
[EventType "swiss"]
[EventRounds "9"]
[EventCountry "CAN"]

1. d4 d5 2. Nf3 Nf6 3. Bf4 e6 4. e3 Bd6 5. Bg3 O-O 6. Nbd2 Nbd7 7. c3 b6 8. Ne5
Bb7 9. f3 Nh5 10. f4 Nxg3 11. hxg3 Nxe5 12. fxe5 Qg5 13. Qf3 Be7 14. Bd3 g6 15.
O-O-O f6 16. Qe2 fxe5 17. Nf3 Qxg3 18. Rh3 Qg4 19. Nxe5 Qxe2 20. Bxe2 Bd6 21.
Nf3 Rae8 22. Rdh1 Re7 23. Bd3 Bc8 24. Bxg6 hxg6 25. Rh8+ Kf7 26. Rxf8+ Kxf8 27.
Rh8+ Kf7 28. Rxc8 Kf6 29. Rh8 c5 30. Kd2 cxd4 31. cxd4 Rg7 32. g4 Rf7 33. Ke2
Rc7 34. Kd3 Rf7 35. Ke2 Rc7 36. Kd3 1/2-1/2

[Event "CAN-ch w"]
[Site "Kingston CAN"]
[Date "2022.04.15"]
[Round "5.21"]
[White "Ouellet, Maili-Jade"]
[Black "Hua, Michelle"]
[Result "1-0"]
[WhiteElo "2179"]
[BlackElo "1665"]
[PlyCount "73"]
[EventDate "2022.04.13"]
[EventType "swiss"]
[EventRounds "9"]
[EventCountry "CAN"]

1. d4 d5 2. c4 e6 3. Nc3 Nf6 4. cxd5 exd5 5. Bg5 Nbd7 6. e3 Be7 7. Bd3 c6 8.
Qc2 Nh5 9. Bxe7 Qxe7 10. Nge2 g6 11. O-O-O Nb6 12. Kb1 Bd7 13. Nc1 O-O-O 14.
Nb3 Ng7 15. Rhe1 Bf5 16. e4 dxe4 17. Bxe4 Qc7 18. g3 Bxe4 19. Nxe4 Nd5 20. Nbc5
Rhe8 21. Qa4 Kb8 22. Rc1 Qc8 23. Ka1 h6 24. f3 Re7 25. Nf2 Rde8 26. Rxe7 Rxe7
27. Nfd3 f6 28. Nb4 Nxb4 29. Qxb4 Qd8 30. d5 Ka8 31. dxc6 bxc6 32. Qa4 Qb6 33.
Ne4 f5 34. Nd2 Qb5 35. Qa3 Rd7 36. Qf8+ Kb7 37. Nb3 1-0

[Event "CAN-ch w"]
[Site "Kingston CAN"]
[Date "2022.04.15"]
[Round "5.22"]
[White "Wang, Rachel"]
[Black "Guo, Veronica (Yu Han)"]
[Result "0-1"]
[WhiteElo "1561"]
[BlackElo "1444"]
[PlyCount "100"]
[EventDate "2022.04.13"]
[EventType "swiss"]
[EventRounds "9"]
[EventCountry "CAN"]

1. d4 d5 2. c4 e6 3. Nf3 a6 4. a4 Nf6 5. Bg5 Bb4+ 6. Bd2 Be7 7. Nc3 O-O 8. e3
b6 9. cxd5 Nxd5 10. Nxd5 Qxd5 11. Qc2 c5 12. Bc4 Qd6 13. dxc5 Qxc5 14. Rc1 Bb7
15. Bd3 Qxc2 16. Rxc2 Nc6 17. O-O Nb4 18. Bxb4 Bxb4 19. Ne5 Rad8 20. Rc7 Ba8
21. Nd7 Bd6 22. Ra7 Bb8 23. Nxb8 Rxb8 24. Bxa6 Rfd8 25. Rc7 Rd2 26. Rfc1 Rbd8
27. Rc8 h6 28. Rxd8+ Rxd8 29. Rc8 Rxc8 30. Bxc8 Bc6 31. b3 Kf8 32. Ba6 Ke7 33.
f3 Kd6 34. Bc4 Kc5 35. e4 Bxa4 36. Kf2 Bb5 37. Bxb5 Kxb5 38. Ke3 Kb4 39. f4
Kxb3 40. g4 Kc4 41. h4 b5 42. h5 b4 43. g5 b3 44. f5 b2 45. g6 f6 46. fxe6 b1=Q
47. Kf4 Qb5 48. Ke3 Qxh5 49. e7 Qxg6 50. e8=Q Qxe8 0-1

[Event "CAN-ch w"]
[Site "Kingston CAN"]
[Date "2022.04.15"]
[Round "5.23"]
[White "Baylon, Glenda"]
[Black "Demchenko, Svitlana"]
[Result "0-1"]
[WhiteElo "1858"]
[BlackElo "2079"]
[PlyCount "82"]
[EventDate "2022.04.13"]
[EventType "swiss"]
[EventRounds "9"]
[EventCountry "CAN"]

1. d4 f5 2. e3 Nf6 3. Bd3 d6 4. c4 e5 5. d5 c6 6. Nc3 Na6 7. Nge2 Be7 8. a3 Nc7
9. Bc2 b5 10. b3 cxd5 11. cxd5 O-O 12. O-O Qe8 13. Ng3 g6 14. b4 Bb7 15. Bb2 a5
16. bxa5 Rxa5 17. Qd2 Qa8 18. Rfd1 Nd7 19. f4 Bf6 20. e4 exf4 21. Qxf4 Be5 22.
Qg5 Bf6 23. Qd2 f4 24. Nge2 Ne5 25. Nxf4 Nc4 26. Qc1 Bg5 27. g3 Qa7+ 28. Kh1
Nxb2 29. Qxb2 Bxf4 30. gxf4 Rxf4 31. Rf1 Rf2 32. Rxf2 Qxf2 33. Rb1 Ra8 34. Nxb5
Nxb5 35. Qxb5 Ba6 36. Qc6 Rc8 37. Qxa6 Rxc2 38. Qa8+ Kg7 39. Rb7+ Kh6 40. Rxh7+
Kxh7 41. Qb7+ Kh6 0-1

[Event "CAN-ch w"]
[Site "Kingston CAN"]
[Date "2022.04.15"]
[Round "5.24"]
[White "Jiang, Hancy"]
[Black "Botez, Alexandra"]
[Result "1/2-1/2"]
[WhiteElo "1030"]
[BlackElo "2020"]
[PlyCount "193"]
[EventDate "2022.04.13"]
[EventType "swiss"]
[EventRounds "9"]
[EventCountry "CAN"]

1. d4 Nf6 2. Bf4 g6 3. Nc3 d5 4. e3 Bg7 5. h4 c6 6. Bd3 b5 7. Nf3 Bg4 8. Ne2
Nh5 9. Be5 f6 10. Bh2 Nd7 11. Nd2 Be6 12. f3 f5 13. Nf4 Nxf4 14. Bxf4 Bf7 15.
c3 e5 16. dxe5 Nxe5 17. Be2 O-O 18. Kf2 h6 19. Qc2 Qe7 20. Rae1 g5 21. hxg5 h5
22. Nf1 Ng6 23. Ng3 Qc5 24. Nxh5 Nxf4 25. Nxf4 d4 26. Qd3 dxc3 27. bxc3 Rad8
28. Qc2 Bxc3 29. Bd3 Bxe1+ 30. Rxe1 Qxc2+ 31. Bxc2 Bxa2 32. Kg3 Rd2 33. Bd3 Bd5
34. Ra1 Rf7 35. g6 Re7 36. Bxf5 Ra2 37. Nxd5 Rxa1 38. Nxe7+ Kg7 39. Nxc6 a5 40.
e4 a4 41. e5 a3 42. Nb4 Re1 43. Kf4 Re2 44. Be6 Kxg6 45. g4 Rb2 46. Nd3 a2 47.
Bxa2 Rxa2 48. Ke3 Kg5 49. Ke4 b4 50. Kd4 b3 51. Kc3 b2 52. Nxb2 Kf4 53. Nc4
Kxf3 54. Kd4 Kxg4 55. Kd5 Kf5 56. Nd6+ Kg6 57. Ke6 Re2 58. Nf7 Rf2 59. Nd6 Rf1
60. Ke7 Re1 61. Ke6 Ra1 62. Nc4 Ra6+ 63. Nd6 Kg7 64. Ke7 Ra7+ 65. Ke6 Kf8 66.
Nf5 Ra5 67. Nd6 Rc5 68. Ne4 Rc1 69. Nd6 Rh1 70. Ne4 Ke8 71. Nf6+ Kd8 72. Ne4
Rh7 73. Nf6 Re7+ 74. Kd6 Ra7 75. Ke6 Kc7 76. Ne4 Ra6+ 77. Nd6 Rc6 78. Kd5 Rc1
79. Ke6 Re1 80. Ne8+ Kc6 81. Nd6 Kc5 82. Nf5 Re2 83. Nd6 Re3 84. Nf5 Re1 85.
Nd6 Kd4 86. Nf5+ Ke4 87. Nd6+ Kf4 88. Nf7 Ra1 89. Kf6 Ke4 90. e6 Kd5 91. e7 Re1
92. Ne5 Rxe5 93. Kf7 Rf5+ 94. Kg6 Re5 95. Kf7 Kd6 96. e8=Q Rxe8 97. Kxe8
1/2-1/2

[Event "CAN-ch w"]
[Site "Kingston CAN"]
[Date "2022.04.15"]
[Round "5.25"]
[White "Gavrileva, Anna"]
[Black "Gao, Lucy"]
[Result "1/2-1/2"]
[WhiteElo "1020"]
[BlackElo "1585"]
[PlyCount "92"]
[EventDate "2022.04.13"]
[EventType "swiss"]
[EventRounds "9"]
[EventCountry "CAN"]

1. d4 Nf6 2. Nf3 e6 3. Bf4 b6 4. c4 Bb4+ 5. Nc3 Bb7 6. e3 O-O 7. Qc2 d6 8. Be2
Nbd7 9. O-O Bxc3 10. Qxc3 Ne4 11. Qc2 f5 12. h3 Ndf6 13. Rad1 Qe8 14. b4 Nh5
15. Bh2 Qg6 16. c5 Ng5 17. c6 Bc8 18. Kh1 Ne4 19. Nd2 Nxd2 20. Rxd2 Qg5 21.
Bxh5 Qxh5 22. b5 g5 23. Qd3 a6 24. a4 g4 25. Qe2 Rf6 26. e4 Rh6 27. e5 d5 28.
Rd3 axb5 29. axb5 gxh3 30. Qxh5 hxg2+ 31. Kxg2 Rxh5 32. Rg3+ Kf7 33. Bg1 Rh4
34. f3 Ra5 35. Rb1 Ra2+ 36. Kf1 Rf4 37. Rh3 Ra3 38. Kg2 Kg6 39. Bf2 Kg7 40.
Rg3+ Kh8 41. Rh3 Kg7 42. Rbh1 Kg8 43. Rxh7 Raxf3 44. Rh8+ Kg7 45. R1h7+ Kg6 46.
Rh6+ Kg7 1/2-1/2

[Event "CAN-ch w"]
[Site "Kingston CAN"]
[Date "2022.04.15"]
[Round "5.26"]
[White "D'Souza, Carina"]
[Black "Cao, Elaine"]
[Result "1-0"]
[WhiteElo "1466"]
[BlackElo "1010"]
[PlyCount "35"]
[EventDate "2022.04.13"]
[EventType "swiss"]
[EventRounds "9"]
[EventCountry "CAN"]

1. e4 e5 2. Nf3 Nc6 3. Bc4 Bc5 4. c3 d6 5. d3 Nf6 6. Nbd2 O-O 7. O-O Be6 8.
Bxe6 fxe6 9. h3 Qe7 10. b4 Bb6 11. a4 a5 12. b5 Nb8 13. Ba3 Nbd7 14. Nc4 Bc5
15. Bc1 Rad8 16. Nxa5 Bb6 17. Nb3 d5 18. Ba3 1-0

[Event "CAN-ch w"]
[Site "Kingston CAN"]
[Date "2022.04.16"]
[Round "6.21"]
[White "Jiang, Hancy"]
[Black "Ouellet, Maili-Jade"]
[Result "0-1"]
[WhiteElo "1030"]
[BlackElo "2179"]
[PlyCount "120"]
[EventDate "2022.04.13"]
[EventType "swiss"]
[EventRounds "9"]
[EventCountry "CAN"]

1. d4 d5 2. Bf4 Nf6 3. e3 c5 4. Nf3 Nc6 5. c3 Qb6 6. Qc2 cxd4 7. exd4 Bg4 8.
Nbd2 e6 9. Bd3 Be7 10. Qb3 Nd7 11. O-O Bh5 12. Rfe1 O-O 13. Qxb6 Nxb6 14. Ne5
Nxe5 15. Bxe5 Rac8 16. Bc2 Rfd8 17. Bf4 Rc6 18. Bb3 Kf8 19. f3 Bg6 20. Rac1 Bf6
21. Kf2 Nc8 22. Be3 b5 23. Bc2 Nd6 24. Bxg6 hxg6 25. Nb3 Nc4 26. Rc2 Be7 27.
Nd2 Nb6 28. Rec1 Rdc8 29. Nb3 Nc4 30. Bd2 a5 31. a3 a4 32. Nc5 Bxc5 33. dxc5
Rxc5 34. Be3 R5c6 35. Rd1 Ke7 36. Re2 Kd6 37. f4 f6 38. Kg3 Re8 39. Bc1 Rc7 40.
Rde1 Rf7 41. Rf1 Ree7 42. Ref2 Kc6 43. Re1 Nd6 44. Rfe2 Ne4+ 45. Kf3 e5 46. Be3
Nd6 47. Bc1 Nc4 48. Kf2 Rd7 49. Kf3 Rd6 50. Kf2 d4 51. cxd4 exd4 52. Re6 Rfd7
53. Rxd6+ Kxd6 54. Rd1 Kd5 55. Kf3 Rb7 56. Rd3 b4 57. b3 Nxa3 58. Bxa3 bxa3 59.
bxa4 a2 60. Ra3 Rb3+ 0-1

[Event "CAN-ch w"]
[Site "Kingston CAN"]
[Date "2022.04.16"]
[Round "6.22"]
[White "Guo, Veronica (Yu Han)"]
[Black "Demchenko, Svitlana"]
[Result "0-1"]
[WhiteElo "1444"]
[BlackElo "2079"]
[PlyCount "118"]
[EventDate "2022.04.13"]
[EventType "swiss"]
[EventRounds "9"]
[EventCountry "CAN"]

1. d4 c5 2. d5 g6 3. c4 Bg7 4. Nc3 d6 5. Qa4+ Bd7 6. Qc2 Nf6 7. e4 O-O 8. f4 e6
9. Nf3 exd5 10. cxd5 Re8 11. a4 Bf5 12. Nd2 Nxe4 13. Ndxe4 Bxe4 14. Nxe4 f5 15.
Bd3 fxe4 16. Bb5 Nd7 17. O-O a6 18. Bc4 Bd4+ 19. Kh1 Qf6 20. a5 Re7 21. Ra3 Qf5
22. Be3 Nf6 23. h3 h5 24. Qd1 Bxe3 25. Rxe3 Kg7 26. Rg3 Nh7 27. Be2 Kh8 28. Re3
Qf6 29. Rb3 Qd4 30. Rb6 Qxd1 31. Bxd1 Rd8 32. Re1 Nf6 33. Bb3 h4 34. Re3 Nh5
35. Bc2 Ng3+ 36. Kg1 Rf7 37. Bb3 Rxf4 38. Bc4 Rd7 39. b3 Kg7 40. Re1 Kf6 41. b4
cxb4 42. Rxb4 Ke5 43. Kh2 Rc7 44. Bb3 Rf2 45. Bc4 Rd2 46. Reb1 Rd4 47. Rc1 Nf5
48. Rc3 e3 49. Rc2 Ng3 50. Rc1 Ne4 51. Rc2 Nd2 52. Rc3 Nxc4 53. Rb1 e2 54. Re1
Rd2 55. Rcc1 Kd4 56. Rh1 Re7 57. Rhf1 exf1=N+ 58. Kh1 Ng3+ 59. Kh2 Ree2 0-1

[Event "CAN-ch w"]
[Site "Kingston CAN"]
[Date "2022.04.16"]
[Round "6.23"]
[White "Hua, Michelle"]
[Black "Botez, Alexandra"]
[Result "0-1"]
[WhiteElo "1665"]
[BlackElo "2020"]
[PlyCount "98"]
[EventDate "2022.04.13"]
[EventType "swiss"]
[EventRounds "9"]
[EventCountry "CAN"]

1. d4 Nf6 2. Bf4 g6 3. Nc3 d5 4. Nb5 Na6 5. e3 Bg7 6. Nf3 O-O 7. h3 Ne4 8. Nc3
Nxc3 9. bxc3 c5 10. Bxa6 bxa6 11. O-O h6 12. Be5 f6 13. Bh2 c4 14. Re1 Bb7 15.
Qb1 Bc6 16. Qb4 Rc8 17. Rab1 Re8 18. Qa3 a5 19. Qc1 a4 20. Nh4 Kh7 21. Qd1 Qd7
22. Qg4 Qxg4 23. hxg4 a3 24. f4 e6 25. f5 g5 26. Nf3 exf5 27. gxf5 h5 28. Kf2
Bd7 29. Rb7 Bxf5 30. Reb1 Bxc2 31. R1b5 Kg6 32. Rxa7 Ra8 33. Rba5 Rxa7 34. Rxa7
Bf8 35. Nd2 Re6 36. Rb7 Bd6 37. Bxd6 Rxd6 38. Ra7 Rb6 39. Rxa3 Rb2 40. Kg3 h4+
41. Kh2 Bd3 42. Nf3 Bf1 43. Ra6 Bxg2 44. Ne5+ Kf5 45. Nd7 Bf3+ 46. Kg1 Kg4 47.
Rb6 Rxa2 48. Nxf6+ Kg3 49. Rb1 h3 0-1

[Event "CAN-ch w"]
[Site "Kingston CAN"]
[Date "2022.04.16"]
[Round "6.24"]
[White "Wang, Rachel"]
[Black "D'Souza, Carina"]
[Result "0-1"]
[WhiteElo "1561"]
[BlackElo "1466"]
[PlyCount "202"]
[EventDate "2022.04.13"]
[EventType "swiss"]
[EventRounds "9"]
[EventCountry "CAN"]

1. d4 d5 2. c4 e6 3. Nf3 c6 4. Nc3 dxc4 5. a4 Bb4 6. e3 b5 7. Bd2 a5 8. axb5
Bxc3 9. Bxc3 cxb5 10. b3 Bb7 11. bxc4 b4 12. Bb2 Nf6 13. Bd3 O-O 14. O-O Nbd7
15. Qc2 Qe7 16. Rfc1 Rfc8 17. Qe2 Be4 18. Bxe4 Nxe4 19. Qd3 f5 20. c5 Ndf6 21.
Ne5 Nd7 22. Nc4 a4 23. f3 Nef6 24. Rcb1 Rcb8 25. Bc1 Nxc5 26. dxc5 Qxc5 27. Bb2
Rd8 28. Bd4 Qb5 29. Ne5 Qxe5 30. Rxb4 Qd5 31. Rb5 Qc6 32. Qb1 Nd7 33. Qb2 Rdb8
34. Rxb8+ Rxb8 35. Qa3 e5 36. Rc1 Qb5 37. Ba7 Rb7 38. Qe7 Nf8 39. Qc5 Qxc5 40.
Bxc5 Rc7 41. Ba3 Rxc1+ 42. Bxc1 Kf7 43. Kf2 Ke6 44. e4 fxe4 45. fxe4 Nd7 46.
Ba3 Nb6 47. Ke2 Nc4 48. Bb4 Kd7 49. Kd3 Nb6 50. Ba5 Kc6 51. Bc3 Kd6 52. Bb4+
Kc6 53. Bc3 Nd7 54. Kc4 Kd6 55. Bb4+ Ke6 56. Kd3 Nb6 57. Bc5 Nd7 58. Bb4 Kf6
59. Ke3 g5 60. h3 Nb6 61. g3 g4 62. h4 h5 63. Kd3 Ke6 64. Bc5 Nd7 65. Bb4 Nb8
66. Kc4 Nd7 67. Kd3 Nf6 68. Ke3 Kd7 69. Bc3 Kd6 70. Bb4+ Kc6 71. Kd3 Kb5 72.
Ba3 Nd7 73. Bd6 Nc5+ 74. Ke3 Nd7 75. Kd3 Kc6 76. Ba3 Nc5+ 77. Ke3 Kb5 78. Bb2
Nd7 79. Kd3 Kb4 80. Kc2 Kc4 81. Bc3 a3 82. Ba1 a2 83. Bc3 Nc5 84. Bxe5 Nxe4 85.
Kb2 a1=Q+ 86. Kxa1 Kd3 87. Kb2 Ke3 88. Kc2 Kf3 89. Kd3 Nxg3 90. Kd2 Nf5 91. Ke1
Nxh4 92. Kf1 Nf5 93. Kg1 g3 94. Bc7 h4 95. Bb6 h3 96. Kh1 Nd6 97. Kg1 Ne4 98.
Kh1 Nf2+ 99. Bxf2 gxf2 100. Kh2 Ke2 101. Kxh3 f1=Q+ 0-1

[Event "CAN-ch w"]
[Site "Kingston CAN"]
[Date "2022.04.16"]
[Round "6.25"]
[White "Gao, Lucy"]
[Black "Baylon, Glenda"]
[Result "1/2-1/2"]
[WhiteElo "1585"]
[BlackElo "1858"]
[PlyCount "159"]
[EventDate "2022.04.13"]
[EventType "swiss"]
[EventRounds "9"]
[EventCountry "CAN"]

1. e4 c5 2. Nf3 Nc6 3. Bb5 Nf6 4. Qe2 a6 5. Bxc6 bxc6 6. c3 e6 7. O-O d5 8. e5
Nd7 9. d4 Be7 10. Rd1 O-O 11. Bf4 a5 12. Nbd2 Ba6 13. Qe3 Rb8 14. b3 Qb6 15.
Ng5 Bxg5 16. Bxg5 cxd4 17. cxd4 Rfe8 18. Rdc1 Rbc8 19. Nf3 Nf8 20. h4 Ng6 21.
Bf6 gxf6 22. exf6 Qd8 23. Qg5 h6 24. Qxh6 Qxf6 25. h5 Qf4 26. Ng5 Nf8 27. Nxf7
Qxh6 28. Nxh6+ Kg7 29. Ng4 Nd7 30. Rc3 Be2 31. f3 Nf6 32. Nxf6 Kxf6 33. Rac1
Rh8 34. Kf2 Ba6 35. Rxc6 Bb7 36. Rxc8 Rxc8 37. Rxc8 Bxc8 38. g4 Ba6 39. a3 Bc8
40. b4 a4 41. f4 Kg7 42. Kg3 Ba6 43. Kh4 Kh6 44. g5+ Kg7 45. h6+ Kg6 46. Kg3
Bd3 47. Kf3 Kf7 48. Ke3 Bb5 49. Kf3 Bd3 50. Ke3 Bb5 51. f5 exf5 52. Kf4 Kg6 53.
Ke5 Bc4 54. h7 Kxh7 55. Kxf5 Kg7 56. Ke5 Kg6 57. b5 Bxb5 58. Kxd5 Kxg5 59. Ke5
Kg6 60. Ke6 Kg7 61. Ke7 Kg6 62. Ke6 Kg5 63. d5 Kf4 64. Kd6 Ke4 65. Kc5 Be8 66.
Kc4 Bd7 67. d6 Be8 68. Kc3 Kd5 69. Kd3 Kxd6 70. Kd4 Bf7 71. Kd3 Be8 72. Kc3 Bb5
73. Kb2 Kd5 74. Kc2 Kc4 75. Kb2 Kd3 76. Ka2 Kc3 77. Kb1 Kb3 78. Ka1 Kxa3 79.
Kb1 Kb3 80. Ka1 1/2-1/2

[Event "CAN-ch w"]
[Site "Kingston CAN"]
[Date "2022.04.16"]
[Round "6.26"]
[White "Chen, Rae"]
[Black "Gavrileva, Anna"]
[Result "0-1"]
[WhiteElo "1046"]
[BlackElo "1020"]
[PlyCount "102"]
[EventDate "2022.04.13"]
[EventType "swiss"]
[EventRounds "9"]
[EventCountry "CAN"]

1. d4 d5 2. Nf3 Nf6 3. e3 Bf5 4. c4 e6 5. Nc3 c6 6. Be2 Bd6 7. Nh4 Bg6 8. Nxg6
hxg6 9. h3 Nbd7 10. b3 Qc7 11. O-O O-O 12. a4 a6 13. Ba3 Rfe8 14. Bxd6 Qxd6 15.
c5 Qc7 16. b4 e5 17. Rb1 exd4 18. exd4 Ne4 19. Nxe4 Rxe4 20. Bf3 Re6 21. b5
axb5 22. axb5 Nf6 23. Qb3 Qf4 24. bxc6 bxc6 25. Qb7 Rae8 26. Rfd1 g5 27. Qb2 g4
28. hxg4 Nxg4 29. Bxg4 Qxg4 30. f3 Qg6 31. Rd2 Qg3 32. Rf2 Rh6 33. Rff1 Qh2+
34. Kf2 Rhe6 35. Rfd1 Qh4+ 36. Kf1 Rg6 37. Kg1 Rh6 38. Kf1 Qg3 39. Kg1 Qh2+ 40.
Kf1 Qh1+ 41. Kf2 Qh4+ 42. Kf1 Qg3 43. Kg1 Qh2+ 44. Kf1 Rhe6 45. Qf2 Qh1+ 46.
Qg1 Qh4 47. g3 Qf6 48. Rb3 Re2 49. f4 Qh6 50. Qf2 Qh1+ 51. Qg1 Qh3+ 0-1